00475nam a2200133Ia 4500008004100000082001700041245005700058260006400115300003500179500003400214650002000248650003200268650004100300120622s9999 xx 000 0 und d a005.369bQ29 aQuattro Prob : versión 4.0 : funciones @ y macros aScotts Valley, California, USAb: Borland Internationalc,  a172 páginasb: ilustraciones aIncluye: Índice temático14aQUATTRO PRO 4.024aPROGRAMAS PARA COMPUTADORAS24aPROCESAMIENTO ELECTRÓNICO DE DATOS